00546cam a22001457a 4500008004000000020001500040082001300055100002600068245012600094260003500220300001000255440004300265650001700308650007500325180718b1995 xxu||||| |||| 00| 0 eng d a0198258747 aC41 C855 aCraven, Matthew C. R. aInternational covenant on economic, social and cultural rights: a perspective on its developmentcby Matthew C. R. Craven aOxfordbClarrendon Pressc1995 a413p. aOxford monographs in international law aHuman rights aInternational Covenant on Economic, Social, and Cultural Rights (1966)